Redeeming the communist past : (Record no. 10116)
[ view plain ]
| 000 -LEADER | |
|---|---|
| fixed length control field | 01792cam a22003854a 4500 |
| 090 ## - LOCALLY ASSIGNED LC-TYPE CALL NUMBER (OCLC); LOCAL CALL NUMBER (OCLC) | |
| -- | 10116 |
| 001 - CONTROL NUMBER | |
| control field | 12358126 |
| 005 - DATE AND TIME OF LATEST TRANSACTION | |
| control field | 20030121074031.0 |
| 008 - FIXED-LENGTH DATA ELEMENTS--GENERAL INFORMATION | |
| fixed length control field | 010326s2002 enk b 001 0 eng |
| 010 ## - LIBRARY OF CONGRESS CONTROL NUMBER | |
| LC control number | 2001025947 |
| 020 ## - INTERNATIONAL STANDARD BOOK NUMBER | |
| International Standard Book Number | 0521806690 |
| 020 ## - INTERNATIONAL STANDARD BOOK NUMBER | |
| International Standard Book Number | 0521001463 (pbk.) |
| 040 ## - CATALOGING SOURCE | |
| Original cataloging agency | DLC |
| Transcribing agency | DLC |
| Modifying agency | DLC |
| 042 ## - AUTHENTICATION CODE | |
| Authentication code | pcc |
| 043 ## - GEOGRAPHIC AREA CODE | |
| Geographic area code | ee----- |
| -- | e-ur--- |
| 050 00 - LIBRARY OF CONGRESS CALL NUMBER | |
| Classification number | JN96.A979 |
| Item number | G79 2002 |
| 082 00 - DEWEY DECIMAL CLASSIFICATION NUMBER | |
| Classification number | 324.217509 |
| Edition number | 21 |
| Item number | BUS |
| 100 1# - MAIN ENTRY--PERSONAL NAME | |
| Personal name | Grzymała-Busse, Anna Maria, |
| Dates associated with a name | 1970- |
| 245 10 - TITLE STATEMENT | |
| Title | Redeeming the communist past : |
| Remainder of title | the regeneration of communist parties in East Central Europe / |
| Statement of responsibility, etc | Anna M. Grzymała-Busse. |
| 260 ## - PUBLICATION, DISTRIBUTION, ETC. (IMPRINT) | |
| Place of publication, distribution, etc | Cambrdige, [England] ; |
| -- | New York : |
| Name of publisher, distributor, etc | Cambridge University Press, |
| Date of publication, distribution, etc | c.2002. |
| 300 ## - PHYSICAL DESCRIPTION | |
| Extent | xviii, 341 p. ; |
| Dimensions | 24 cm. |
| 440 #0 - | |
| -- | Cambridge studies in comparative politics |
| 504 ## - BIBLIOGRAPHY, ETC. NOTE | |
| Bibliography, etc | Includes bibliographical references (p. 305-332) and index. |
| 650 #0 - SUBJECT ADDED ENTRY--TOPICAL TERM | |
| Topical term or geographic name as entry element | Communist parties |
| Geographic subdivision | Europe, Eastern. |
| 650 #0 - SUBJECT ADDED ENTRY--TOPICAL TERM | |
| Topical term or geographic name as entry element | Communist parties |
| Geographic subdivision | Former Soviet republics. |
| 651 #0 - SUBJECT ADDED ENTRY--GEOGRAPHIC NAME | |
| Geographic name | Europe, Eastern |
| General subdivision | Politics and government |
| Chronological subdivision | 1989- |
| 651 #0 - SUBJECT ADDED ENTRY--GEOGRAPHIC NAME | |
| Geographic name | Former Soviet republics |
| General subdivision | Politics and government. |
| 856 41 - ELECTRONIC LOCATION AND ACCESS | |
| Materials specified | Sample text |
| Uniform Resource Identifier | <a href="http://www.loc.gov/catdir/samples/cam031/2001025947.html">http://www.loc.gov/catdir/samples/cam031/2001025947.html</a> |
| 856 42 - ELECTRONIC LOCATION AND ACCESS | |
| Materials specified | Publisher description |
| Uniform Resource Identifier | <a href="http://www.loc.gov/catdir/description/cam021/2001025947.html">http://www.loc.gov/catdir/description/cam021/2001025947.html</a> |
| 856 41 - ELECTRONIC LOCATION AND ACCESS | |
| Materials specified | Table of contents |
| Uniform Resource Identifier | <a href="http://www.loc.gov/catdir/toc/cam026/2001025947.html">http://www.loc.gov/catdir/toc/cam026/2001025947.html</a> |
| 906 ## - LOCAL DATA ELEMENT F, LDF (RLIN) | |
| a | 7 |
| b | cbc |
| c | orignew |
| d | 1 |
| e | ocip |
| f | 20 |
| g | y-gencatlg |
| 942 ## - ADDED ENTRY ELEMENTS (KOHA) | |
| Source of classification or shelving scheme | Dewey Decimal Classification |
| Item type | |
| Withdrawn status | Item status | Source of classification or shelving scheme | Damaged status | Not for loan | Home library | Current library | Shelving location | Date acquired | Source of acquisition | Total Checkouts | Full call number | Barcode | Date last seen | Date last borrowed | Koha item type |
|---|---|---|---|---|---|---|---|---|---|---|---|---|---|---|---|
| Dewey Decimal Classification | Central Library | Central Library | First floor | 14/08/2008 | Purchase | 2 | 324.217509 BUS | 000013762 | 15/07/2025 | 07/11/2013 | NB - Book (Non borrowing) |